03746nam a22002777a 450000500170000000700150001700800410003202000220007303500100009504000090010509000170011410000430013124501360017425600240031026000410033430000280037550024510040350602700285465000490312465000340317374000380320785601000324594200080334595200960335399900190344920240305165548.0cr|||| |||| 200608s2020 es |||||s|||| 00||0 spa d a978-84-121376-7-5 a31716 avLex c10574d105741 aMartínez Rodríguez, José Antonio10aDemolición, reposición y comiso en los delitos urbanísticosh[Recurso electrónico] /cJosé Antonio Martínez Rodríguez aServicio en línea aBarcelona:bJ.M. Bosch Editor,c2020 a1 recurso electrónico aEsta monografía gira en torno a las consecuencias jurídicas de los delitos sobre la ordenación del territorio y el urbanismo regulado en el artículo 319.3 CP, después de la última reforma operada mediante Ley Orgánica 1/2015, de 30 de marzo, por la que se modifica la Ley Orgánica 10/1995, de 23 de noviembre, del Código Penal, como es la condena de demolición de la obra ilegalmente construida, la reposición a su estado originario de la realidad física alterada, y el decomiso de las ganancias provenientes del delito urbanístico cualesquiera que sean las transformaciones. En este trabajo se hace un estudio en profundidad del bien jurídico protegido, del principio de intervención mínima o última ratio y la responsabilidad civil ante la demolición. Asimismo, también se aborda de manera minuciosa la ejecución de las sentencias por la comisión de los delitos urbanísticos contenidos en los apartados primero y segundo del artículo 319 CP, la inactividad de la administración, y los plazos para la ejecución de la demolición dictada por sentencia firme en la jurisdicción penal o en el procedimiento de restauración de la legalidad urbanística. Como novedad se hace un análisis jurídico sobre la institución de la figura de la declaración de Asimilado a Fuera de Ordenación (AFO), después de la aprobación por el gobierno andaluz del Decreto Ley 3/2019, de 24 de septiembre, de medidas urgentes para la adecuación ambiental y territorial de las edificaciones irregulares en la Comunidad Autónoma de Andalucía, donde esta normativa viene a regular el tratamiento de las edificaciones irregulares sobre las que ya no cabe adoptar legalmente medidas de restablecimiento del orden jurídico perturbado y de ejercicio de la potestad de protección de la legalidad urbanística por haber trascurrido los plazos establecidos. Y finalmente se realiza un estudio minucioso de todo el iter cronológico judicial en lo referente al periplo que rodea la construcción del colosal hotel “El Algarrobico”. Por ello, en base al contenido científico, a la jurisprudencia estudiada y plasmada en este trabajo, así como a la prolija bibliografía referenciada, este estudio es un instrumento idóneo para aquellas personas que operan cada día en la aplicación e interpretación de los tipos delictivos cometidos sobre la ordenación del territorio y el urbanismo.1 aDisponible solo en los productos indicadosdvLex GlobaldvLex Global (Academic Edition, excluding Law Schools)dvLex Global (U.S. Academic Edition, Law Schools)dvLex Global (U.S. Academic Edition, excluding Law Schools)dvLex Global (Academic Edition, Law Schools)04aDerecho Público y AdministrativozEspaña04aProcedimiento PenalzEspaña0 avLex Libros (Servicio en línea)40uhttps://app.vlex.com/#/sources/demolicion-reposicion-y-comiso-en-los-delitos-urbanisticos-31716 cRAA 001040708VLEX9326770aBD-UINbBD-UINd2024-03-05l0p31716r2024-03-05w2024-03-05yRAA c168810d168810